Oscar Winning Films - Statistics

General Stats
  • This quiz has been taken 348 times
    21 since last reset
  • The average score is 39 of 98
Answer Stats
Year Starring Film initials Answer % Correct
2023 Cillian Murphy O Oppenheimer
83%
2019 Song Kang-ho P Parasite
78%
2022 Michelle Yeoh EEAao Everything Everywhere All at once
72%
1972 Marlon Brando TG The Godfather
72%
2024 Mikey Madison A Anora
67%
1994 Tom Hanks FG Forrest Gump
67%
2025 Leonardo diCaprio OBAA One Battle after Another
67%
2001 Russell Crowe ABM A Beautiful Mind
61%
2007 Tommy Lee Jones NCFOM No Country for Old Men
61%
1997 Leonardo di Caprio T Titanic
61%
1999 Kevin Spacey AB American Beauty
56%
1995 Mel Gibson B Braveheart
56%
1943 Humphrey Bogart C Casablanca
56%
2000 Russell Crowe G Gladiator
56%
1976 Sylvester Stallone R Rocky
56%
1991 Jodie Foster TSOTL The Silence of the Lambs
56%
1929 Louis Walheim AQOTWF All Quiet on the Western Front
50%
1959 Charlton Heston BH Ben Hur
50%
2014 Michael Keaton B Birdman
50%
2002 Rene Zellweger C Chicago
50%
1982 Ben Kingsley G Gandhi
50%
1939 Clark Gable GWTW Gone with the Wind
50%
2004 Clint Eastwood MDB Million Dollar Baby
50%
2020 Frances McDormand N Nomadland
50%
1975 Jack Nicholson OFOTCN One Flew over the Cuckoo's Nest
50%
1993 Liam Neeson SL Schindler's List
50%
1998 Gwyneth Paltrow SIL Shakespeare in Love
50%
2008 Dev Patel SM Slumdog Millionaire
50%
2006 Leonardo di Caprio TD The Departed
50%
1996 Ralph Fiennes TEP The English Patient
50%
2003 Ian McKellen TLOTR The Lord of the Rings
50%
1992 Clint Eastwood U Unforgiven
50%
2012 Ben Affleck A Argo
44%
1990 Kevin Costner DWW Dances with Wolves
44%
1979 Dustin Hoffman KVK Kramer vs Kramer
44%
2016 Trevante Rhodes M Moonlight
44%
1988 Dustin Hoffman RM Rain Man
44%
2010 Colin Firth TKS The King's Speech
44%
1965 Julie Andrews TSOM The Sound of Music
44%
2013 Chiwetel Ejiofor TYAS 12 Years a Slave
39%
1984 Tom Hulce A Amadeus
39%
1977 Woody Allen AH Annie Hall
39%
1981 Ben Cross COF Chariots of Fire
39%
1989 Jessica Tandy DMD Driving Miss Daisy
39%
1953 Burt Lancaster FHTE From Here to Eternity
39%
1958 Leslie Caron G Gigi
39%
1948 Laurence Olivier H Hamlet
39%
1955 Ernest Borgnine M Marty
39%
1969 Dustin Hoffman MC Midnight Cowboy
39%
1954 Marlon Brando OTW On the Waterfront
39%
1980 Donald Sutherland OP Ordinary People
39%
1970 George C. Scott P Patton
39%
1986 Tom Berenger P Platoon
39%
1978 Robert de Niro TDH The Deer Hunter
39%
2009 Jeremy Renner THL The Hurt Locker
39%
1973 Paul Newman TS The Sting
39%
1927 Clara Bow W Wings
39%
1950 Bette Davis AAE All about Eve
33%
1951 Gene Kelly AAIP An American in Paris
33%
2018 Viggo Mortensen GB Green Book
33%
1967 Sidney Poitier ITHOTN In the Heat of the Night
33%
1962 Peter O'Toole LOA Lawrence of Arabia
33%
1964 Audrey Hepburn MFL My Fair Lady
33%
1968 Mark Lester O Oliver
33%
1985 Meryl Streep OOA Out of Africa
33%
2015 Mark Ruffalo S Spotlight
33%
2011 Jean Dujardin TA The Artist
33%
1971 Gene Hackman TFC The French Connection
33%
2017 Sally Hawkins TSOW The Shape of Water
33%
1961 Natalie Wood WSS West Side Story
33%
1938 Jean Arthur YCTIWY You Cant take it with you
33%
1949 Broderick Crawford ATKM All the King's Men
28%
1966 Robert Bolt AMFAS A Man for All Seasons
28%
1956 David Niven ATWIED Around the World in 80 Days
28%
1930 Richard Dix C Cimarron
28%
2021 Emilia Jones C Coda
28%
2005 Matt Dillon C Crash
28%
1934 Clark Gable IHON It Happened One Night
28%
1940 Laurence Olivier R Rebecca
28%
1960 Jack Lemmon TA The Apartment
28%
1946 Myrna Loy TBYOOL The Best Years of our Lives
28%
1957 William Holden TBOTRK The Bridge on the River Kwai
28%
1937 Paul Muni TLOEZ The Life of Emile Zola
28%
1963 Albert Finney TJ Tom Jones
28%
1932 Diana Wynyard C Cavalcade
22%
1944 Bing Crosby GMW Going my way
22%
1941 Walter Pidgeon HGWMV How Green was my Valley
22%
1935 Charles Laughton MOTB Mutiny on the Bounty
22%
1983 Debra Winger TOE Terms of Endearment
22%
1928 Charles King TBM The Broadway Melody
22%
1936 William Powell TGZ The Great Ziegfeld
22%
1987 John Lone TLE The Last Emperor
22%
1945 Ray Milland TLW The Lost Weekend
22%
1947 Gregory Peck GA Gentleman's Agreement
17%
1931 Joan Crawford GH Grand Hotel
17%
1974 Al Pacino TG The Godfather II
17%
1952 Betty Hutton TGSOE The Greatest Show on Earth
17%
1942 Walter Pidgeon MM Mrs. Miniver
11%
No matching quizzes found
Score Distribution
Percent of People with Each Score
Percentile by Number Answered
Your Score History
You have not taken this quiz since the last reset